000
00195 a2200097 4500
001
9146
100
_a
Benaud, R.
245
_a
A tale of two tests
260
_a
_b
Hodder
_c
090
_c
7323
_d
7323
942
_a
NUST-CAE
_c
M
_c
33960
999
_c
244219
_d
244219